000 00578nam a22002177a 4500
003 UA-OsUOA
001 57909
007 ta
008 20090116b un ||||| |||| 00| 0 ukr d
100 _aКордон М.
090 _a32
_bК-12
942 _cSA
040 _aUA-OsUOA
_bukr
_cUA-OsUOA
_dUA-OsUOA
245 _aСкільки коштуватиме Україні входження до НАТО?
300 _aС.16-21
955 _a0
041 _aukr
080 _a32
773 0 _w57907
_tУкраїна - НАТО
_dК.
_d2008
_g3
650 7 _a32 Політика
_2UDC
999 _c343993
_d343993